Größte deutsche Städte ohne Straßenbahn, S-Bahn oder U-Bahn - Statistiken

Allgemein
  • Dieses Quiz wurde 339 mal gespielt
    305 seit der letzten Aktualisierung
  • Das Durchschnittsergebnis liegt bei 7 aus 15
Antwortstatistiken
Stadt Einwohnerzahl % Korrekt
Kiel 247 717
69%
Münster 320 946
68%
Lübeck 218 095
63%
Aachen 252 769
59%
Osnabrück 167 366
54%
Regensburg 157 443
52%
Koblenz 115 268
48%
Wolfsburg 125 961
48%
Trier 112 195
46%
Ingolstadt 141 029
44%
Göttingen 118 946
43%
Hamm 180 849
37%
Reutlingen 117 547
31%
Moers 105 287
26%
Bottrop 118 113
18%
Keine übereinstimmenden Quizze gefunden
Verteilung der Resultate
Anzahl Personen mit jedem Resultat
Perzentil nach korrekt beantworteten Fragen
Ihre Resultats-Entwicklung
Sie haben dieses Quiz seit der letzten Aktualisierung nicht gespielt